00279nam a2200121Ia 4500008004100000100002000041245001100061260003200072300000900104650002000113942000700133999001700140190216s9999||||xx |||||||||||||| ||und|| aRadhakrishnan C 0aSruthi bPoorna Pubs Kozhikodec1998 a122p aMalayalam Novel cBK c26992d26992